| 000 | 02452nam a22003617a 4500 | ||
|---|---|---|---|
| 001 | 104001 | ||
| 003 | KnowledgeUnlatched | ||
| 005 | 20210303104915.0 | ||
| 006 | m o d | ||
| 007 | cr u|||||||||| | ||
| 008 | 210129p20162020xx o u00| u eng d | ||
| 037 | _5BiblioBoard | ||
| 245 | 0 | 0 |
_aCommon Law Judging _bSubjectivity, Impartiality, and the Making of Law / _cDouglas Edlin. |
| 020 | _a9780472902347 | ||
| 024 | 8 | _ahttps://doi.org/10.3998/mpub.3783964 | |
| 029 | 1 | _ahttps://library.biblioboard.com/ext/api/media/925011e5-605e-49aa-8c07-d20a14eaa405/assets/thumbnail.jpg | |
| 040 |
_aScCtBLL _cScCtBLL |
||
| 100 | 1 |
_aEdlin, Douglas _eauthor. |
|
| 264 | 1 | _bUniversity of Michigan Press, | |
| 300 | _a1 online resource. | ||
| 506 | 0 |
_aAccess copy available to the general public. _fUnrestricted _2star |
|
| 520 | _aAre judges supposed to be objective? Citizens, scholars, and legal professionals commonly assume that subjectivity and objectivity are opposites, with the corollary that subjectivity is a vice and objectivity is a virtue. These assumptions underlie passionate debates over adherence to original intent and judicial activism. Douglas Edlin challenges these widely held assumptions by reorienting the entire discussion. Rather than analyze judging in terms of objectivity and truth, he argues that we should instead approach the role of a judge's individual perspective in terms of intersubjectivity and validity. Drawing upon Kantian aesthetic theory as well as case law, legal theory, and constitutional theory, Edlin develops a new conceptual framework for the respective roles of the individual judge and of the judiciary as an institution, as well as the relationship between them, as integral parts of the broader legal and political community. | ||
| 588 | 0 | _aDescription based on print version record. | |
| 590 | _aKU Select 2019: HSS Backlist Books | ||
| 650 | 7 |
_aPolitical Science / American Government / Judicial Branch _2bisacsh |
|
| 650 | 0 | _aPolitical science | |
| 655 | 0 | _aElectronic books. | |
| 758 |
_iIs found in: _aKnowledge Unlatched _1https://openresearchlibrary.org/module/2774bc74-146a-484f-a7ba-ab1d6a09bbfb |
||
| 856 | 4 | 0 |
_uhttps://openresearchlibrary.org/content/925011e5-605e-49aa-8c07-d20a14eaa405 _zView this content on Open Research Library. _70 |
| 999 |
_c32903 _d32903 |
||